00542nam a2200145Ia 4500008004100000100002900041245007300070245002700143260003900170260001800209650001800227856005900245999001900304952007300323160809s9999 xx 000 0 und d aBantimaroudis, Philemon. a“Chemtrails” in the Sky: Toward a Group-mediated Delusion Theory cPhilemon Bantimaroudis bStudies in Media and Communication cDecember 2016 xCOMMUNICATION uhttp://redfame.com/journal/index.php/smc/issue/current c299979d299979 001040aCLbCLd2016-08-09l0r2016-08-09 00:00:00w2016-08-09yFOJ